{"text_format":"3","workbook":"xlsx","n_sheets":3,"sheets":["Taul1","Taul2","Taul3"],"read":"whole","date_system":"1900"}

{"sheet":"Taul1","index":0,"n_rows":47,"n_cols":32,"rows_kept":47,"merged":[[3,3,3,4],[3,9,3,10],[3,15,3,16],[3,21,3,22],[3,27,3,28],[25,7,25,8],[26,7,26,8],[27,7,27,8],[28,7,28,8],[29,7,29,8],[30,7,30,8],[31,7,31,8],[32,7,32,8],[38,7,38,8],[39,7,39,8],[40,7,40,8],[41,7,41,8],[42,7,42,8],[43,7,43,8],[44,7,44,8],[45,7,45,8]]}
["LIITE 1"]
["Määrälaskenta- ja materiaalienhintataulukko As Oy Oulun Romeo & Julia talo B"]
[]
["Kerros",null,null,"1. krs",{"$nulls":5},"2. krs",{"$nulls":5},"3.krs",{"$nulls":5},"4. krs",{"$nulls":5},"5. krs"]
["Asunto","C50","C51","C52","C53","C54","C55","C56","C57","C58","C59","C60","C61","C62","C63","C64","C65","C66","C67","C68","C69","C70","C71","C72","C73","C74","C75","C76","C77","C78","C79","Yhteensä"]
["Asunnon pinta-ala (m2)",38.5,{"v":72,"d":"72.0"},38.5,{"v":47,"d":"47.0"},80.5,{"v":66,"d":"66.0"},{"v":48,"d":"48.0"},{"v":72,"d":"72.0"},38.5,{"v":47,"d":"47.0"},80.5,{"v":66,"d":"66.0"},{"v":48,"d":"48.0"},{"v":72,"d":"72.0"},38.5,{"v":47,"d":"47.0"},80.5,{"v":66,"d":"66.0"},{"v":48,"d":"48.0"},{"v":72,"d":"72.0"},38.5,{"v":47,"d":"47.0"},80.5,{"v":66,"d":"66.0"},{"v":48,"d":"48.0"},{"v":72,"d":"72.0"},38.5,{"v":47,"d":"47.0"},80.5,{"v":66,"d":"66.0"},{"$f":"SUM(B6:AE6)","v":1750.5}]
["2-puolen levy (m2)",20.97,{"v":39.4,"d":"39.40"},22.48,19.36,60.99,40.57,28.55,{"v":39.4,"d":"39.40"},22.48,19.36,60.99,40.57,28.55,{"v":39.4,"d":"39.40"},22.48,19.36,60.99,40.57,28.55,{"v":39.4,"d":"39.40"},22.48,19.36,60.99,40.57,28.55,{"v":39.4,"d":"39.40"},22.48,19.36,60.99,40.57,{"$f":"SUM(B7:AE7)","v":1049.17}]
["Pystyhormi (m2)",1.82,4.29,7.28,6.63,9.62,4.29,6.11,4.29,7.28,6.63,6.11,4.29,6.76,4.94,7.28,6.63,6.76,4.68,6.76,4.94,7.28,6.63,6.76,4.68,6.76,5.46,7.28,6.63,7.28,4.68,{"$f":"SUM(B8:AE8)","v":{"v":180.83000000000004,"d":"180.83"}}]
["1-puolen levy (m2)",{"v":3.9,"d":"3.90"},10.59,4.74,4.87,4.87,9.55,4.74,10.59,4.74,4.87,4.87,9.55,4.74,10.59,4.74,4.87,4.87,9.55,4.74,10.59,4.74,4.87,4.87,9.55,4.74,10.59,4.74,4.87,4.87,9.55,{"$f":"SUM(B9:AE9)","v":{"v":195.96000000000006,"d":"195.96"}}]
["Villoitus (m2)",16.64,{"$f":"28.2+4.29","v":32.49},25.08,22.48,37.18,{"v":24.3,"d":"24.30"},25.48,32.49,25.08,22.48,37.18,{"v":24.3,"d":"24.30"},24.95,32.88,25.08,22.48,37.83,25.08,24.95,32.88,25.08,22.48,37.83,25.08,24.95,{"v":33.4,"d":"33.40"},25.08,22.48,38.35,25.08,{"v":831.1200000000003,"d":"831.12"}]
["Materiaalit",{"$nulls":30},{"v":0,"d":"0.00"}]
["Yläjuoksu 95 (m)",{"v":3.4,"d":"3.40"},{"v":3.4,"d":"3.40"},{"v":3.2,"d":"3.20"},{"v":1.2,"d":"1.20"},{"v":4.8,"d":"4.80"},{"v":1.2,"d":"1.20"},{"v":2.6,"d":"2.60"},{"v":3.4,"d":"3.40"},{"v":3.2,"d":"3.20"},{"v":1.2,"d":"1.20"},{"v":4.8,"d":"4.80"},{"v":1.2,"d":"1.20"},{"v":2.6,"d":"2.60"},{"v":3.4,"d":"3.40"},{"v":3.2,"d":"3.20"},{"v":1.2,"d":"1.20"},{"v":4.8,"d":"4.80"},{"v":1.2,"d":"1.20"},{"v":2.6,"d":"2.60"},{"v":3.4,"d":"3.40"},{"v":3.2,"d":"3.20"},{"v":1.2,"d":"1.20"},{"v":4.8,"d":"4.80"},{"v":1.2,"d":"1.20"},{"v":2.6,"d":"2.60"},{"v":3.4,"d":"3.40"},{"v":3.2,"d":"3.20"},{"v":1.2,"d":"1.20"},{"v":4.8,"d":"4.80"},{"v":1.2,"d":"1.20"},{"v":82.80000000000003,"d":"82.80"}]
["Yläjuoksu 66 (m)",{"v":20,"d":"20.00"},{"v":42.7,"d":"42.70"},{"v":25.2,"d":"25.20"},{"v":24.7,"d":"24.70"},{"v":56.7,"d":"56.70"},{"v":44,"d":"44.00"},{"v":31.5,"d":"31.50"},{"v":42.7,"d":"42.70"},{"v":25.2,"d":"25.20"},{"v":24.7,"d":"24.70"},{"v":56.7,"d":"56.70"},{"v":44,"d":"44.00"},{"v":31.5,"d":"31.50"},{"v":42.7,"d":"42.70"},{"v":25.2,"d":"25.20"},{"v":24.7,"d":"24.70"},{"v":56.7,"d":"56.70"},{"v":44,"d":"44.00"},{"v":31.5,"d":"31.50"},{"v":42.7,"d":"42.70"},{"v":25.2,"d":"25.20"},{"v":24.7,"d":"24.70"},{"v":56.7,"d":"56.70"},{"v":44,"d":"44.00"},{"v":31.5,"d":"31.50"},{"v":42.7,"d":"42.70"},{"v":25.2,"d":"25.20"},{"v":24.7,"d":"24.70"},{"v":56.7,"d":"56.70"},{"v":44,"d":"44.00"},{"v":1112.5000000000005,"d":"1112.50"}]
["Pysty 95 (kpl)",4,4,4,2,5,2,4,4,4,2,5,2,4,4,4,2,5,2,4,4,4,2,5,2,4,4,4,2,5,2,105]
["Pysty 66 (kpl) puu+metalli","8+23","19+46","10+32","15+22","16+71","20+46","12+40","19+46","10+32","15+22","16+71","20+46","12+40","19+46","10+32","15+22","16+71","20+46","12+40","19+46","10+32","15+22","16+71","20+46","12+40","19+46","10+32","15+22","16+71","20+46","456+1268"]
["Kipsilevy (m2)",{"$f":"B7*2+B8+B9","v":47.66},{"$f":"C7*2+C8+C9","v":93.68},{"$f":"D7*2+D8+D9","v":{"v":56.980000000000004,"d":"56.98"}},50.22,136.47,94.98,67.95,93.68,{"v":56.980000000000004,"d":"56.98"},50.22,132.96,94.98,{"v":68.6,"d":"68.60"},94.33,{"v":56.980000000000004,"d":"56.98"},50.22,133.61,{"v":95.36999999999999,"d":"95.37"},{"v":68.6,"d":"68.60"},94.33,{"v":56.980000000000004,"d":"56.98"},50.22,133.61,{"v":95.36999999999999,"d":"95.37"},{"v":68.6,"d":"68.60"},94.85,{"v":56.980000000000004,"d":"56.98"},50.22,134.13,{"v":95.36999999999999,"d":"95.37"},{"v":2475.129999999999,"d":"2475.13"}]
["Villa (m2)",{"$f":"B10","v":16.64},32.49,25.08,22.48,37.18,{"v":24.3,"d":"24.30"},25.48,32.49,25.08,22.48,37.18,{"v":24.3,"d":"24.30"},24.95,32.88,25.08,22.48,37.83,25.08,24.95,32.88,25.08,22.48,37.83,25.08,24.95,{"v":33.4,"d":"33.40"},25.08,22.48,38.35,25.08,{"v":831.1200000000003,"d":"831.12"}]
[]
[]
["* Kipsilevyn määrään käytetty kaavaa 2* 2-puolen levy + Pystyhormi + 1-puolen levy"]
["** 1-puolen levyssä mukana myös saunanoven päälle tuleva pala, eli n. 0,7m2"]
["***Pystyhormi laskettu yhdellä levyllä"]
[]
[]
["LISTAHINNAT"]
["Materiaali","yks","määrä","€/yks","Hinta ALV 0%"]
["Kipsilevy 900","m2",{"$f":"AF16","v":{"v":2475.129999999999,"d":"2475.13"}},{"v":5.2,"d":"5.20"},{"$f":"C27*D27","v":{"v":12870.675999999996,"d":"12870.68"}}]
["Juoksu 95","jm",{"$f":"AF12","v":{"v":82.80000000000003,"d":"82.80"}},{"v":1.4,"d":"1.40"},{"$f":"C28*D28","v":{"v":115.92000000000003,"d":"115.92"}}]
["Juoksu 66","jm",{"$f":"AF13","v":{"v":1112.5000000000005,"d":"1112.50"}},1.15,{"v":1279.3750000000005,"d":"1279.38"}]
["Ranka 95","kpl",{"$f":"AF14","v":105},{"v":4.5,"d":"4.50"},{"v":472.5,"d":"472.50"}]
["Ranka 66 (puu)","kpl",456,{"v":2,"d":"2.00"},{"v":912,"d":"912.00"}]
["Ranka 66 (metalli)","kpl",1268,3.12,{"v":3956.1600000000003,"d":"3956.16"}]
["Villa 50mm","m2",{"$f":"AF17","v":{"v":831.1200000000003,"d":"831.12"}},{"v":5.7,"d":"5.70"},{"v":4737.384000000002,"d":"4737.38"}]
[{"$nulls":3},"Yht.",{"$f":"SUM(E27:E33)","v":{"v":24344.015,"d":"24344.02"}}]
[]
[]
[]
[]
["Materiaali","yks","määrä","€/yks","Hinta ALV 0%"]
["Kipsilevy 1200","m2",2475.13,4.25,{"$f":"C40*D40","v":{"v":10519.3025,"d":"10519.30"}}]
["Juoksu 95","jm",{"v":82.8,"d":"82.80"},{"v":1.4,"d":"1.40"},{"$f":"C41*D41","v":{"v":115.91999999999999,"d":"115.92"}}]
["Juoksu 66","jm",{"v":1112.5,"d":"1112.50"},1.15,{"v":1279.375,"d":"1279.38"}]
["Ranka 95","kpl",110,{"v":4.5,"d":"4.50"},{"v":495,"d":"495.00"}]
["Ranka 66 (puu)","kpl",398,{"v":2,"d":"2.00"},{"v":796,"d":"796.00"}]
["Ranka 66 (metalli)","kpl",1149,3.12,3584.88]
["Villa","m2",831.12,{"v":5.7,"d":"5.70"},{"v":4737.384,"d":"4737.38"}]
[{"$nulls":3},"Yht.",{"$f":"SUM(E40:E46)","v":{"v":21527.8615,"d":"21527.86"}}]

{"sheet":"Taul2","index":1,"n_rows":0,"n_cols":0,"rows_kept":0}

{"sheet":"Taul3","index":2,"n_rows":0,"n_cols":0,"rows_kept":0}